[Event "Russian Championship B13 1st league 2016"]
[Site "Loo"]
[Date "2016.04.25"]
[Round "6.41"]
[White "Lebedev, Nikita"]
[Black "Maximov, Mihail"]
[Result "1/2-1/2"]
[WhiteElo "1629"]
[BlackElo "1450"]
[PlyCount "126"]
[EventDate "2016.04.20"]

1. Nf3 Nf6 2. g3 g6 3. Bg2 Bg7 4. O-O O-O 5. d3 d5 6. Nbd2 Nbd7 7. Nb3 c6 8.
Re1 e5 9. e4 Re8 10. h4 Qc7 11. Nh2 h5 12. f4 Nh7 13. f5 Ndf6 14. Rf1 dxe4 15.
dxe4 gxf5 16. exf5 e4 17. Bf4 Qb6+ 18. Qd4 Qxd4+ 19. Nxd4 Nd5 20. c3 Nxf4 21.
Rxf4 e3 22. Re4 Bd7 23. Re1 Rxe4 24. Bxe4 Re8 25. Bd3 Bxd4 26. cxd4 Nf6 27. Nf3
Ne4 28. Ne5 Bxf5 29. Rxe3 Nd6 30. Be2 Bg6 31. Rb3 Re7 32. Nxg6 fxg6 33. Bd3 Kf7
34. Kf2 Kf6 35. Bc2 Rf7 36. Rf3+ Kg7 37. Rxf7+ Kxf7 38. a3 Kf6 39. Bd3 b5 40.
b3 Nf5 41. d5 cxd5 42. Bxb5 Nd4 43. Ba4 Nc2 44. Bc6 Nxa3 45. Bxd5 Nb5 46. Bc4
Nd6 47. Bd3 Nf5 48. Bc4 Nd6 49. Bd3 Nf5 50. b4 Nd4 51. Ke3 Nf5+ 52. Kf4 Nd4 53.
Bc4 Nc6 54. b5 Ne5 55. Be2 Nf7 56. Ke4 Nd6+ 57. Kd5 Nf5 58. Bd3 Nxg3 59. Kc6
Nf5 60. Kb7 Ne7 61. Kxa7 Nd5 62. b6 Nxb6 63. Kxb6 g5 1/2-1/2

[Event "Russian Championship B13 1st league 2016"]
[Site "Loo"]
[Date "2016.04.25"]
[Round "6.42"]
[White "Zyryanov, Konstantin"]
[Black "Ivlev, Aleksandr"]
[Result "1-0"]
[WhiteElo "1414"]
[BlackElo "1625"]
[PlyCount "127"]
[EventDate "2016.04.20"]

1. e4 c5 2. c3 Qa5 3. Nf3 Nc6 4. Be2 d6 5. O-O Nf6 6. Qc2 g6 7. d4 cxd4 8. cxd4
Nb4 9. Qb3 Nxe4 10. Nbd2 Be6 11. Nc4 Bxc4 12. Bxc4 d5 13. Be2 Bg7 14. a3 Nc6
15. Qxb7 Nd8 16. Bb5+ Kf8 17. Qxa8 e6 18. Qc8 Nd6 19. Qa6 Qxb5 20. Qxd6+ Ke8
21. Qb4 Qa6 22. Be3 Bf8 23. Qc3 Be7 24. Bh6 Bf8 25. Bxf8 Kxf8 26. Ne5 Kg7 27.
Qf3 h5 28. Qe3 f6 29. Nf3 Nf7 30. Rac1 Qd6 31. Rfe1 Re8 32. Qc3 Re7 33. Qc5 Qd8
34. Qc8 Qb6 35. Qc3 Nd6 36. Qc5 Qd8 37. Qc2 g5 38. Qd1 Nf5 39. h3 Qb8 40. Rc2
h4 41. Rce2 Kf7 42. Qa4 Qb6 43. Qb4 Qa6 44. a4 Nd6 45. b3 Ne4 46. Nd2 Nd6 47.
Qa3 Nf5 48. Nf3 Nd6 49. Rc2 Ne4 50. Rec1 Qb6 51. Rc6 Qb7 52. b4 Qb8 53. b5 Rd7
54. Qd3 Re7 55. Nd2 f5 56. Nxe4 dxe4 57. Qc4 e3 58. fxe3 Qg3 59. Qe2 Kg7 60.
Qf2 Qb8 61. Rc8 Qd6 62. R1c6 Qa3 63. R8c7 Rxc7 64. Rxc7+ 1-0

[Event "Russian Championship B13 1st league 2016"]
[Site "Loo"]
[Date "2016.04.25"]
[Round "6.43"]
[White "Kovalev, Kirill"]
[Black "Novikov, Ivan"]
[Result "1-0"]
[WhiteElo "1597"]
[BlackElo "1330"]
[PlyCount "107"]
[EventDate "2016.04.20"]

1. e4 e6 2. d4 d5 3. Nd2 dxe4 4. Nxe4 Nd7 5. Nf3 Ngf6 6. Nxf6+ Nxf6 7. Bg5 Be7
8. Bd3 O-O 9. O-O h6 10. Bh4 b6 11. Ne5 Bb7 12. Bxf6 Bxf6 13. Re1 Qd5 14. Be4
Qxe4 15. Rxe4 Bxe4 16. Qg4 Bxe5 17. Qxe4 Bf6 18. c3 Rac8 19. Qc6 Rfd8 20. g3 a5
21. Re1 Rd6 22. Qb7 Rdd8 23. Qf3 c5 24. dxc5 Rxc5 25. Rd1 Rcd5 26. Rxd5 Rxd5
27. Qe3 Rd6 28. Qe2 Rd5 29. a4 Be7 30. Qc2 Bc5 31. Kg2 Rf5 32. f4 Rd5 33. Kf3
Rf5 34. g4 Rd5 35. h4 h5 36. g5 Rf5 37. Qd2 Rd5 38. Qe2 g6 39. Qe1 Rd3+ 40. Ke4
Re3+ 41. Qxe3 Bxe3 42. Kxe3 Kf8 43. Kd4 Ke7 44. Ke5 Kd7 45. Kf6 Ke8 46. b4 Kf8
47. bxa5 bxa5 48. c4 Ke8 49. c5 Kf8 50. c6 e5 51. c7 Kg8 52. c8=Q+ Kh7 53. Kxf7
exf4 54. Qg8# 1-0

[Event "Russian Championship B13 1st league 2016"]
[Site "Loo"]
[Date "2016.04.25"]
[Round "6.45"]
[White "Volf, Sergey"]
[Black "Voropaev, Fedor"]
[Result "0-1"]
[WhiteElo "1356"]
[BlackElo "1740"]
[PlyCount "58"]
[EventDate "2016.04.20"]

1. d4 d5 2. c4 dxc4 3. e3 e5 4. dxe5 Qxd1+ 5. Kxd1 Nc6 6. f4 Bf5 7. Nc3 O-O-O+
8. Ke1 Bb4 9. Bd2 f6 10. exf6 Nxf6 11. Nf3 Rhe8 12. Nd1 Bxd2+ 13. Nxd2 Nb4 14.
Rc1 Nxa2 15. Ra1 Nb4 16. Rxa7 Nc2+ 17. Ke2 Kb8 18. Ra5 Bg4+ 19. Nf3 Nd4+ 20.
Ke1 Nxf3+ 21. gxf3 Bxf3 22. Nf2 Rxe3+ 23. Be2 Rxe2+ 24. Kf1 Rxf2+ 25. Kxf2 Bxh1
26. Rg5 Ne4+ 27. Kg1 Nxg5 28. Kxh1 Rd2 29. fxg5 Rxb2 0-1

[Event "Russian Championship B13 1st league 2016"]
[Site "Loo"]
[Date "2016.04.25"]
[Round "6.46"]
[White "Nedelko, Nikita"]
[Black "Levkin, Lev"]
[Result "1/2-1/2"]
[WhiteElo "1439"]
[BlackElo "1753"]
[PlyCount "240"]
[EventDate "2016.04.20"]

1. e4 c5 2. Nf3 Nc6 3. Bb5 g6 4. Bxc6 bxc6 5. O-O Bg7 6. d3 d6 7. h3 e6 8. c3
Ne7 9. Qc2 O-O 10. Be3 Ba6 11. Re1 Kh8 12. Nbd2 h6 13. Rad1 e5 14. Nf1 f5 15.
exf5 gxf5 16. Qa4 Bb5 17. Qh4 f4 18. Bc1 Nf5 19. Qxd8 Raxd8 20. c4 Ba6 21. b3
Kh7 22. Bb2 Bf6 23. N1d2 Bc8 24. Ne4 Ng7 25. Nxf6+ Rxf6 26. Kh2 Re8 27. Nd2 Bf5
28. Ne4 Bxe4 29. dxe4 Rg8 30. Rd3 Rg6 31. g3 fxg3+ 32. Rxg3 Rf6 33. f3 Rgf8 34.
Rf1 Nh5 35. Rg2 Rxf3 36. Rxf3 Rxf3 37. Rd2 Rf6 38. a3 Kg6 39. b4 cxb4 40. axb4
Re6 41. c5 dxc5 42. bxc5 Nf6 43. Re2 Kf7 44. Bc1 h5 45. Kg3 Re7 46. Kf3 Rd7 47.
Rd2 Rxd2 48. Bxd2 Nd7 49. Bb4 Ke8 50. h4 Kd8 51. Ke3 Kc7 52. Kd3 Kb7 53. Kc4
Ka6 54. Bc3 Kb7 55. Bb4 Kc8 56. Kd3 a5 57. Bxa5 Nxc5+ 58. Ke3 Kd7 59. Bc3 Ke6
60. Ba5 Na6 61. Bc3 Kd6 62. Ba5 Nb8 63. Bb4+ c5 64. Bc3 Nd7 65. Kd3 Kc6 66. Kc4
Nb6+ 67. Kd3 c4+ 68. Kd2 Nd7 69. Bb2 Kc5 70. Bc3 Kb5 71. Kc2 Ka4 72. Bb2 Kb4
73. Bc3+ Kc5 74. Bb2 Nf6 75. Bxe5 Nxe4 76. Kd1 Kd5 77. Bf4 Nc5 78. Ke2 Ke4 79.
Bh6 Nb3 80. Bg7 Nc5 81. Kd2 Ne6 82. Bf6 Kd5 83. Kc3 Nc5 84. Bg7 Ne6 85. Bf6 Kc5
86. Be5 Nf8 87. Bf6 Nd7 88. Bg7 Kd5 89. Bd4 Nf8 90. Bg7 Ne6 91. Bf6 Nc5 92. Bg7
Ne4+ 93. Kb4 Nf2 94. Kc3 Ng4 95. Bd4 Nh2 96. Bg7 Nf3 97. Bf6 Kc5 98. Be7+ Kb5
99. Bf6 Ng1 100. Be7 Ne2+ 101. Kd2 Nf4 102. Bf6 Kb4 103. Kc2 Nd5 104. Bg7 c3
105. Bxc3+ Nxc3 106. Kd3 Nd5 107. Ke4 Kc5 108. Kf5 Kd6 109. Kg5 Ke6 110. Kxh5
Kf5 111. Kh6 Kf6 112. Kh5 Ne3 113. Kh6 Ng4+ 114. Kh5 Ne5 115. Kh6 Ng4+ 116. Kh5
Nh2 117. Kh6 Nf1 118. Kh5 Kf5 119. Kh6 Kf6 120. Kh5 Kf5 1/2-1/2

[Event "Russian Championship B13 1st league 2016"]
[Site "Loo"]
[Date "2016.04.25"]
[Round "6.47"]
[White "Zhuravlev, Aleksandr"]
[Black "Senkevich, German"]
[Result "1-0"]
[WhiteElo "1695"]
[BlackElo "1433"]
[PlyCount "53"]
[EventDate "2016.04.20"]

1. Nf3 d5 2. g3 Bf5 3. Bg2 Qd7 4. O-O Bh3 5. Ne5 Qe6 6. d4 Bxg2 7. Kxg2 Nc6 8.
Nf3 h5 9. Nc3 f6 10. Re1 g5 11. e4 dxe4 12. Rxe4 Qd7 13. d5 f5 14. Re1 g4 15.
Nh4 Rd8 16. Kg1 Nb4 17. Qd4 e5 18. Rxe5+ Be7 19. Qxb4 Nf6 20. Ng6 Rh7 21. Bg5
Qd6 22. Qxd6 Rxd6 23. Rae1 Rg7 24. Nxe7 Rxg5 25. Nxf5+ Kd7 26. Nxd6 Kxd6 27.
Rxg5 1-0

[Event "Russian Championship B13 1st league 2016"]
[Site "Loo"]
[Date "2016.04.25"]
[Round "6.48"]
[White "Shkrebko, Mikhail"]
[Black "Shvetko, Roman"]
[Result "1-0"]
[WhiteElo "1407"]
[BlackElo "1667"]
[PlyCount "135"]
[EventDate "2016.04.20"]

1. d4 d5 2. c4 e6 3. Nf3 Nf6 4. e3 Nc6 5. Nc3 Bb4 6. Qc2 O-O 7. Bd2 a6 8. cxd5
exd5 9. Be2 Bg4 10. O-O Re8 11. Rfe1 h6 12. a3 Bd6 13. h3 Bh5 14. Nh4 Bxe2 15.
Rxe2 Ne4 16. Nf3 Nxc3 17. bxc3 Na5 18. Bc1 Nc4 19. Nd2 Nb6 20. c4 dxc4 21. Nxc4
Nxc4 22. Qxc4 Qf6 23. Bb2 Rad8 24. Rd1 Qe7 25. Qb3 b6 26. Qc3 Be5 27. Rde1 Bf6
28. Qb4 Qxb4 29. axb4 Rd7 30. Rc2 Bxd4 31. Rd2 c5 32. Red1 Bxb2 33. Rxd7 cxb4
34. Rb7 Ra8 35. Rxb6 a5 36. Rd2 Bc3 37. Ra2 a4 38. Kf1 b3 39. Rxb3 axb3 40.
Rxa8+ Kh7 41. Rb8 b2 42. Ke2 Bf6 43. Kf3 g6 44. g4 g5 45. Ke4 Kg7 46. Kf5 Bc3
47. f4 gxf4 48. exf4 Bd4 49. h4 Bf6 50. g5 hxg5 51. hxg5 Bc3 52. Rb3 Kg8 53.
Kg4 Kg7 54. f5 Kh7 55. Rb7 Kg8 56. f6 Kh8 57. Kh5 Be5 58. Kh6 Kg8 59. Rb5 Kf8
60. Kh7 b1=Q+ 61. Rxb1 Ke8 62. Kg7 Bf4 63. Re1+ Kd8 64. g6 fxg6 65. Kxg6 Bd6
66. Rd1 Ke8 67. Rxd6 Kf8 68. Rd8# 1-0

[Event "Russian Championship B13 1st league 2016"]
[Site "Loo"]
[Date "2016.04.25"]
[Round "6.49"]
[White "Karavaev, Aleksandr"]
[Black "Chelebaev, Mikhail"]
[Result "1/2-1/2"]
[WhiteElo "1662"]
[BlackElo "1397"]
[PlyCount "60"]
[EventDate "2016.04.20"]

1. e4 e6 2. d4 c5 3. Nf3 d5 4. dxc5 Bxc5 5. Bb5+ Nc6 6. exd5 exd5 7. O-O Nf6 8.
Qe2+ Be7 9. Ne5 Bd7 10. Nxd7 Qxd7 11. Re1 a5 12. Kf1 Kf8 13. Bg5 Re8 14. Bxf6
Bxf6 15. Qxe8+ Qxe8 16. Rxe8+ Kxe8 17. c3 d4 18. cxd4 Bxd4 19. Nc3 Bxc3 20.
Bxc6+ bxc6 21. bxc3 Kd7 22. Rb1 Kc7 23. Re1 Rd8 24. Re5 Rd5 25. Re7+ Rd7 26.
Re5 Rd5 27. Re7+ Rd7 28. Re5 Rd5 29. Re7+ Rd7 30. Re5 Rd5 1/2-1/2

[Event "Russian Championship B13 1st league 2016"]
[Site "Loo"]
[Date "2016.04.25"]
[Round "6.50"]
[White "Stolyarov, Egor"]
[Black "Styazhkin, Nikita"]
[Result "0-1"]
[WhiteElo "1392"]
[BlackElo "1562"]
[PlyCount "64"]
[EventDate "2016.04.20"]

1. e4 e5 2. Nf3 Nf6 3. Nc3 Nc6 4. Bc4 Nxe4 5. Nxe4 d5 6. Bb5 dxe4 7. Nxe5 Qd5
8. Bxc6+ bxc6 9. Ng4 Bc5 10. Ne3 Qg5 11. Qe2 Bxe3 12. fxe3 Bg4 13. Qc4 Qd5 14.
Qxd5 cxd5 15. b3 O-O 16. Bb2 Rfe8 17. h3 Be6 18. O-O f5 19. Be5 c6 20. d3 Rad8
21. Rad1 Rd7 22. Rf4 Red8 23. Kf2 c5 24. Ke2 Kf7 25. Rdf1 g6 26. Rh4 Kg8 27.
Rhf4 c4 28. Bf6 cxd3+ 29. cxd3 Rc8 30. Kd2 Rdc7 31. R4f2 Rc2+ 32. Kd1 Rc1+ 0-1

[Event "Russian Championship B13 1st league 2016"]
[Site "Loo"]
[Date "2016.04.25"]
[Round "6.51"]
[White "Kuzakov, Dmitriy"]
[Black "Tolstykh, Dmitri"]
[Result "1/2-1/2"]
[WhiteElo "1553"]
[BlackElo "1397"]
[PlyCount "122"]
[EventDate "2016.04.20"]

1. d4 d5 2. Nf3 Nf6 3. g3 c6 4. Bg2 Bg4 5. O-O h6 6. c4 e6 7. Nc3 Nbd7 8. a3
Bd6 9. Qc2 O-O 10. Nd2 Bf5 11. e4 dxe4 12. Ndxe4 Nxe4 13. Nxe4 Nf6 14. Qe2 Bxe4
15. Bxe4 Nxe4 16. Qxe4 Qf6 17. Re1 Rfd8 18. Bd2 e5 19. Bc3 exd4 20. Bxd4 Qg6
21. Qxg6 fxg6 22. Be3 Be5 23. Rab1 Bf6 24. Re2 Rd7 25. Kg2 Kf7 26. Rc1 Re8 27.
Rcc2 b6 28. Rcd2 Rde7 29. b4 c5 30. bxc5 bxc5 31. Rd3 Bd4 32. Rb3 g5 33. Rd3
Kg6 34. h3 Re6 35. Kf1 Re4 36. Rb3 R8e7 37. Rd3 h5 38. Kg2 Kf5 39. Kh2 R7e6 40.
Kg2 R6e5 41. Bxd4 cxd4 42. Red2 Rc5 43. Rxd4 Rxc4 44. Rxe4 Kxe4 45. Rd7 Ra4 46.
Rxg7 Kf5 47. Rb7 Rxa3 48. Rb2 a6 49. Kf1 h4 50. g4+ Kf4 51. Kg2 a5 52. Rb8 a4
53. Re8 Ra2 54. Re7 a3 55. Re3 Ra1 56. Re8 a2 57. Ra8 Ke4 58. Ra7 Ke5 59. Ra8
Ke4 60. Ra7 Kd3 61. Ra8 Kc2 1/2-1/2

[Event "Russian Championship B13 1st league 2016"]
[Site "Loo"]
[Date "2016.04.25"]
[Round "6.52"]
[White "Zotkaev, Basang"]
[Black "Kulagin, Timofey"]
[Result "1-0"]
[WhiteElo "1386"]
[BlackElo "1531"]
[PlyCount "71"]
[EventDate "2016.04.20"]

1. e4 c5 2. Nf3 Nc6 3. d4 cxd4 4. Nxd4 g6 5. Nc3 Bg7 6. Be3 e6 7. Ndb5 Nge7 8.
Nd6+ Kf8 9. Qf3 Ne5 10. Qf4 h5 11. h4 N7c6 12. Bc5 Kg8 13. Be3 Bh6 14. Qg3 Bxe3
15. Qxe3 a6 16. Be2 b5 17. f4 Nc4 18. Bxc4 bxc4 19. f5 Rb8 20. fxg6 fxg6 21.
Qf4 Qe7 22. O-O Nd8 23. Nf7 Nxf7 24. Qxb8 Kg7 25. Qf4 Rf8 26. Rf2 Qc5 27. Kh1
d5 28. e5 d4 29. Qf6+ Kh7 30. Ne4 Qc7 31. Ng5+ Nxg5 32. Qxf8 Qxe5 33. hxg5 Qf5
34. Rxf5 exf5 35. Qxc8 d3 36. Qd7+ 1-0

[Event "Russian Championship B13 1st league 2016"]
[Site "Loo"]
[Date "2016.04.25"]
[Round "6.53"]
[White "Edgeev, Danzan"]
[Black "Zhuk, Kirill"]
[Result "1/2-1/2"]
[WhiteElo "1376"]
[BlackElo "1515"]
[PlyCount "85"]
[EventDate "2016.04.20"]

1. e4 e5 2. Nf3 Nc6 3. Bb5 Nf6 4. Nc3 a6 5. Ba4 Be7 6. d3 d6 7. h3 O-O 8. Ne2
b5 9. Bb3 Na5 10. Ng3 Nxb3 11. axb3 Re8 12. O-O Bf8 13. Re1 g6 14. Bd2 Bb7 15.
Bc3 Bg7 16. Qd2 Qd7 17. b4 Rad8 18. b3 h5 19. Re2 Nh7 20. Rae1 Nf8 21. d4 exd4
22. Bxd4 Ne6 23. Bxg7 Kxg7 24. Qc3+ Kg8 25. e5 d5 26. Nd4 Nxd4 27. Qxd4 Qe7 28.
c3 Rc8 29. Qc5 Qxc5 30. bxc5 Rcd8 31. Rd1 a5 32. Ra1 b4 33. cxb4 axb4 34. Ra4
Ra8 35. Rxb4 Ra1+ 36. Kh2 Bc6 37. Rd4 Rb1 38. b4 Bb5 39. Re3 c6 40. Ne2 Re1 41.
Nc3 Rxe3 42. fxe3 Ba6 43. e4 1/2-1/2

[Event "Russian Championship B13 1st league 2016"]
[Site "Loo"]
[Date "2016.04.25"]
[Round "6.54"]
[White "Zakaryaev, Murad"]
[Black "Belousov, Aleksandr"]
[Result "1-0"]
[WhiteElo "1506"]
[BlackElo "1389"]
[PlyCount "89"]
[EventDate "2016.04.20"]

1. e4 e5 2. Nf3 Nc6 3. Bc4 Be7 4. d4 exd4 5. O-O d6 6. Nxd4 Nf6 7. Nc3 O-O 8.
f3 h6 9. Be3 Nxd4 10. Bxd4 c6 11. e5 dxe5 12. Bxe5 Re8 13. Qxd8 Rxd8 14. Rad1
Be6 15. Bxe6 fxe6 16. Ne4 Nxe4 17. fxe4 Bc5+ 18. Kh1 Rf8 19. Rf3 Rad8 20. Rxf8+
Rxf8 21. h3 Rf7 22. Rd8+ Rf8 23. Rd3 Rf7 24. Bd6 Bxd6 25. Rxd6 Re7 26. e5 Kf7
27. g4 g5 28. Kg2 Kg6 29. Rd8 Kf7 30. Rh8 Kg7 31. Rd8 Kf7 32. Kg3 Re8 33. Rxe8
Kxe8 34. Kf3 Kd7 35. Ke4 c5 36. c4 a6 37. Kd3 Kc6 38. Kc3 b5 39. a3 a5 40.
cxb5+ Kxb5 41. a4+ Kxa4 42. Kc4 h5 43. gxh5 g4 44. b3+ Ka3 45. hxg4 1-0

[Event "Russian Championship B13 1st league 2016"]
[Site "Loo"]
[Date "2016.04.25"]
[Round "6.55"]
[White "Efremov, Yaroslav"]
[Black "Brazhnikov, Dmitri"]
[Result "0-1"]
[WhiteElo "1501"]
[BlackElo "1359"]
[PlyCount "86"]
[EventDate "2016.04.20"]

1. e4 c5 2. Nc3 e6 3. f4 a6 4. a4 Nf6 5. Nf3 Be7 6. Bc4 O-O 7. d3 Nc6 8. O-O
Kh8 9. f5 d5 10. Bb3 d4 11. Ne2 exf5 12. Ng5 Qe8 13. Qe1 h6 14. Qh4 Nh7 15.
Nxf7+ Qxf7 16. Qg3 Qe8 17. Nf4 g5 18. Ne6 Bxe6 19. Bxe6 f4 20. Qh3 h5 21. Qf3
g4 22. Qd1 Bd6 23. Bf5 Ne7 24. Bxf4 Bxf4 25. Rxf4 Nxf5 26. exf5 Qe3+ 27. Rf2
Rxf5 28. Qd2 Qxf2+ 29. Qxf2 Rxf2 30. Kxf2 Rf8+ 31. Kg1 Kg7 32. Re1 Kf6 33. Rf1+
Ke7 34. Re1+ Kd6 35. Kh1 Ng5 36. Kg1 Ne6 37. b3 Nc7 38. Kh1 Nd5 39. Kg1 Ne3 40.
Rc1 b5 41. axb5 axb5 42. g3 Kd5 43. c4+ dxc3 0-1

[Event "Russian Championship B13 1st league 2016"]
[Site "Loo"]
[Date "2016.04.25"]
[Round "6.57"]
[White "Mongush, Kezhik"]
[Black "Tukaev, Timur"]
[Result "0-1"]
[WhiteElo "1490"]
[BlackElo "1276"]
[PlyCount "80"]
[EventDate "2016.04.20"]

1. d4 Nf6 2. Nf3 e6 3. Bg5 c5 4. c3 h6 5. Bh4 g5 6. Bg3 Qb6 7. Qc2 Nc6 8. e3
Nh5 9. Nbd2 Nxg3 10. hxg3 Bg7 11. Bd3 d5 12. e4 cxd4 13. exd5 exd5 14. cxd4 g4
15. Ne5 Nxd4 16. Qa4+ Ke7 17. O-O Bxe5 18. Rfe1 f6 19. f4 gxf3 20. Kf1 fxg2+
21. Kxg2 Rg8 22. Re3 Nc2 23. Rxe5+ fxe5 24. Qxc2 Qc6 25. Qxc6 bxc6 26. Rc1 Bd7
27. Ba6 Rab8 28. b3 Rb6 29. Be2 e4 30. Rf1 Rf8 31. Rf4 Rxf4 32. gxf4 Rb8 33.
Nf1 Kf6 34. Kf2 c5 35. Ng3 Bb5 36. Bg4 Be8 37. Ke3 h5 38. Nxh5+ Bxh5 39. Bxh5
Rh8 40. Bg4 Rh2 0-1

[Event "Russian Championship B13 1st league 2016"]
[Site "Loo"]
[Date "2016.04.25"]
[Round "6.59"]
[White "Mikiev, Klim"]
[Black "Rublevsky, Mikhail"]
[Result "1-0"]
[WhiteElo "1466"]
[BlackElo "1237"]
[PlyCount "55"]
[EventDate "2016.04.20"]

1. d4 d5 2. c4 dxc4 3. Nc3 Nf6 4. Nf3 e6 5. e3 c5 6. Bxc4 a6 7. a4 b6 8. d5 Bd6
9. O-O O-O 10. e4 Qc7 11. Qe2 Be5 12. Nxe5 Qxe5 13. f4 Qc7 14. d6 Qd7 15. e5
Ne8 16. Be3 f6 17. f5 fxe5 18. Bxe6+ Qxe6 19. fxe6 Bxe6 20. Rxf8+ Kxf8 21. Qf3+
Kg8 22. Qxa8 Nxd6 23. Qxb8+ Kf7 24. Qxd6 Kf6 25. Rf1+ Kg6 26. Qxe6+ Kh5 27.
Qh3+ Kg6 28. Qf5# 1-0

[Event "Russian Championship B13 1st league 2016"]
[Site "Loo"]
[Date "2016.04.25"]
[Round "6.60"]
[White "Poiseev, Nikita"]
[Black "Shchetkin, Kirill"]
[Result "0-1"]
[WhiteElo "1323"]
[BlackElo "1465"]
[PlyCount "124"]
[EventDate "2016.04.20"]

1. d4 Nf6 2. Nf3 d5 3. Bf4 Bf5 4. Nc3 c6 5. e3 e6 6. a3 Bd6 7. Bxd6 Qxd6 8. Bd3
Bxd3 9. Qxd3 O-O 10. O-O Nbd7 11. Rfe1 Qc7 12. e4 dxe4 13. Nxe4 Nxe4 14. Rxe4
Qd8 15. Qb3 Qb6 16. Re3 Qxb3 17. Rxb3 b6 18. c4 Rfe8 19. Re1 Rab8 20. Rbe3 Kf8
21. Nd2 Nf6 22. h3 Rbd8 23. Nb3 Rd7 24. Kf1 Red8 25. Ke2 h6 26. Rd1 Ke7 27.
Red3 Rb8 28. g4 Rh8 29. f3 g5 30. d5 cxd5 31. c5 Rc8 32. Rc1 Rdc7 33. Rdc3 bxc5
34. Rxc5 Rxc5 35. Rxc5 Rxc5 36. Nxc5 Kd6 37. Nd3 Nd7 38. b4 f6 39. Kd2 Ne5 40.
Nc5 Nxf3+ 41. Ke3 Ng1 42. Nb7+ Ke7 43. Na5 Kd7 44. Nb3 Nxh3 45. Nd4 Nf4 46. Nb5
a6 47. Nd4 Ng6 48. Nb3 Ne5 49. Nc5+ Ke7 50. Nxa6 Nc4+ 51. Kd4 Nxa3 52. Kc5 Kd7
53. b5 Nxb5 54. Kxb5 Kd6 55. Nb4 f5 56. Nd3 fxg4 57. Nf2 g3 58. Nd3 g4 59. Nf4
Ke5 60. Ng2 Ke4 61. Kc5 Kf3 62. Nh4+ Kf2 0-1

[Event "Russian Championship B13 1st league 2016"]
[Site "Loo"]
[Date "2016.04.25"]
[Round "6.65"]
[White "Kostenko, Kirill"]
[Black "Krivich, Ilya"]
[Result "1-0"]
[WhiteElo "1614"]
[BlackElo "1442"]
[PlyCount "87"]
[EventDate "2016.04.20"]

1. d4 Nf6 2. c4 c5 3. d5 d6 4. Nc3 g6 5. e4 Bg7 6. Bd3 Nbd7 7. f4 O-O 8. Nf3
Ne8 9. Qc2 Nc7 10. Be3 Nb6 11. O-O e6 12. Rfe1 Na6 13. a3 Nc7 14. Rab1 a5 15.
b4 axb4 16. axb4 Na6 17. bxc5 dxc5 18. Qb3 Nb4 19. Bf1 Nd7 20. Bxc5 Bxc3 21.
Qxc3 Na2 22. Qd4 Nxc5 23. Qxc5 Nc3 24. Rbc1 Na4 25. Qd4 b6 26. Rcd1 Qc7 27. Qd2
Ba6 28. Rc1 Rac8 29. Nd4 Rfd8 30. Qe3 Nc5 31. Nc6 Re8 32. Nb4 exd5 33. Nxd5 Qd6
34. e5 Qe6 35. Nf6+ Kg7 36. Nxe8+ Rxe8 37. Qc3 Re7 38. Red1 Na4 39. Qb4 Nc5 40.
Rd6 Qc8 41. Qxb6 Rb7 42. Qd8 Qf5 43. Qf6+ Kg8 44. Rd8# 1-0

[Event "Russian Championship B13 1st league 2016"]
[Site "Loo"]
[Date "2016.04.25"]
[Round "6.66"]
[White "Klykov, Georgy"]
[Black "Mamedov, Amin"]
[Result "1/2-1/2"]
[WhiteElo "1519"]
[BlackElo "1358"]
[PlyCount "52"]
[EventDate "2016.04.20"]

1. d4 Nf6 2. c4 c5 3. d5 e6 4. Nc3 exd5 5. cxd5 d6 6. Nf3 g6 7. Bf4 Bg7 8. e3
O-O 9. Bd3 Bg4 10. O-O Bxf3 11. Qxf3 Na6 12. a3 Nc7 13. g4 h5 14. gxh5 Nxh5 15.
e4 Nxf4 16. Qxf4 Be5 17. Qh6 Qd7 18. Be2 Rae8 19. Bf3 Bg7 20. Qg5 Be5 21. Qh6
Bg7 22. Qg5 Be5 23. Qh6 Bg7 24. Qg5 Be5 25. Qh6 Bg7 26. Qg5 Be5 1/2-1/2

[Event "Russian Championship B13 2016"]
[Site "Loo"]
[Date "2016.04.25"]
[Round "6.1"]
[White "Shumilov, Demyan"]
[Black "Skatchkov, Valery"]
[Result "0-1"]
[WhiteElo "1897"]
[BlackElo "2170"]
[PlyCount "120"]
[EventDate "2016.04.20"]

1. d4 d5 2. Nf3 Nf6 3. c4 c6 4. Qb3 e6 5. Nc3 Be7 6. Bg5 O-O 7. g3 dxc4 8. Qxc4
b5 9. Qb3 Nbd7 10. Bg2 b4 11. Nb1 Ba6 12. Nbd2 c5 13. Ne5 Nxe5 14. dxe5 Nd5 15.
Bxe7 Qxe7 16. Nc4 Bxc4 17. Qxc4 Nb6 18. Qc2 Rad8 19. O-O Qc7 20. f4 c4 21. e4
Qc5+ 22. Kh1 Rd4 23. Rad1 Rfd8 24. Bf3 Rxd1 25. Rxd1 Rxd1+ 26. Qxd1 c3 27. bxc3
bxc3 28. Qd8+ Qf8 29. Qc7 Qc8 30. Qxc8+ Nxc8 31. Bd1 Nb6 32. Kg2 Nc4 33. Kf2
Na3 34. Ke3 c2 35. Bxc2 Nxc2+ 36. Kd2 Nb4 37. a3 Nc6 38. Kc3 Kf8 39. Kc4 Ke7
40. Kc5 Kd7 41. a4 Kc7 42. h3 Ne7 43. Kb5 Ng6 44. Ka6 Kb8 45. Kb5 Kb7 46. Kc5
Kc7 47. Kb5 h5 48. h4 Ne7 49. Ka6 Nc6 50. a5 Kb8 51. Kb5 Kb7 52. Kc5 Kc7 53.
Kb5 Nd4+ 54. Ka6 Kb8 55. f5 exf5 56. e6 fxe6 57. exf5 Nxf5 58. g4 hxg4 59. h5
g3 60. h6 gxh6 0-1

[Event "Russian Championship B13 2016"]
[Site "Loo"]
[Date "2016.04.25"]
[Round "6.2"]
[White "Tsvetkov, Andrey"]
[Black "Pogosyan, Stefan"]
[Result "0-1"]
[WhiteElo "2036"]
[BlackElo "2082"]
[PlyCount "86"]
[EventDate "2016.04.20"]

1. d4 Nf6 2. Nf3 g6 3. c4 Bg7 4. Nc3 O-O 5. e4 d6 6. Be2 e5 7. Be3 Ng4 8. Bg5
f6 9. Bh4 g5 10. Bg3 Nh6 11. O-O Nc6 12. d5 Ne7 13. Nd2 f5 14. f3 f4 15. Bf2
Nf7 16. b4 h5 17. c5 Ng6 18. Nc4 b6 19. a4 Nh6 20. cxd6 cxd6 21. h3 g4 22. fxg4
hxg4 23. hxg4 Qg5 24. Nxd6 Bxg4 25. Bxg4 Nxg4 26. Qf3 Rfd8 27. Nf5 Bf8 28. d6
Nxf2 29. Rxf2 Nh4 30. Nxh4 Qxh4 31. Nb5 Rd7 32. g3 Rg7 33. Rg2 fxg3 34. Nc7 Rb8
35. Ne6 Rg6 36. Qb3 Kh8 37. Qd5 Qf6 38. d7 Be7 39. Nc7 Bxb4 40. Ne8 Qg5 41. Qd3
Bc5+ 42. Kf1 Rd8 43. Qd2 Qh5 0-1

[Event "Russian Championship B13 2016"]
[Site "Loo"]
[Date "2016.04.25"]
[Round "6.3"]
[White "Gaydym, Arseniy"]
[Black "Shihaliev, Leonard"]
[Result "0-1"]
[WhiteElo "1959"]
[BlackElo "1815"]
[PlyCount "126"]
[EventDate "2016.04.20"]

1. e4 c5 2. Nc3 e6 3. g3 d5 4. exd5 exd5 5. Bg2 Nf6 6. d3 d4 7. Ne4 Nxe4 8.
dxe4 Nc6 9. Nh3 Bd6 10. O-O O-O 11. Nf4 f6 12. Nd5 Be6 13. c3 dxc3 14. bxc3 Qd7
15. f4 Rad8 16. c4 Nd4 17. Bb2 Bg4 18. Qd2 Be2 19. Rfc1 Nf3+ 20. Bxf3 Bxf3 21.
Qe3 Bg4 22. Re1 Rde8 23. Rac1 Qf7 24. Rc3 Qh5 25. Rd3 Re6 26. Qd2 Bb8 27. Nc3
Rfe8 28. Rd5 Qh6 29. Rd8 Bc7 30. Rd7 Rc6 31. Rd3 Rce6 32. Qf2 Ba5 33. Rde3 Qh5
34. Qg2 Bh3 35. Qc2 Bf5 36. Qd3 Bg4 37. Rc1 Bxc3 38. Bxc3 b6 39. Rce1 h6 40. e5
f5 41. Rf1 Kh7 42. Qd2 R8e7 43. Rf2 Qe8 44. Kg2 Qh5 45. Rd3 Bh3+ 46. Kg1 Qe8
47. Qc2 Qc6 48. Rd8 Re8 49. Rd5 b5 50. Be1 Rb8 51. Rd1 b4 52. Rd5 a5 53. Rfd2
a4 54. R2d3 Ra8 55. Bf2 b3 56. axb3 axb3 57. Rxb3 Ra5 58. Rb1 Re8 59. Be3 Rea8
60. Qf2 Ra1 61. Qe1 R1a2 62. Rd2 Qe4 63. Re2 Rxe2 0-1

[Event "Russian Championship B13 2016"]
[Site "Loo"]
[Date "2016.04.25"]
[Round "6.4"]
[White "Stukan, Martin"]
[Black "Ter-Saakian, Grigorii"]
[Result "1-0"]
[WhiteElo "1956"]
[BlackElo "1921"]
[PlyCount "115"]
[EventDate "2016.04.20"]

1. e4 c5 2. Nf3 d6 3. d4 cxd4 4. Nxd4 Nf6 5. Nc3 a6 6. Be2 e5 7. Nb3 Qc7 8. Be3
Be6 9. a4 Nbd7 10. a5 Be7 11. O-O O-O 12. Qd3 Rfd8 13. Nd5 Bxd5 14. exd5 Rac8
15. c4 Nc5 16. Nxc5 dxc5 17. Rfd1 h6 18. Qf5 Ne8 19. Bd3 g6 20. Qh3 h5 21. Qg3
Bf6 22. Re1 Bg7 23. Ra2 Qd7 24. Bg5 f6 25. Bd2 g5 26. Qf3 g4 27. Qe4 Nd6 28.
Qh7+ Kf8 29. Bh6 Bxh6 30. Qxh6+ Qg7 31. Qxh5 Ke7 32. Bf5 Rh8 33. Qxg4 Rcg8 34.
Qxg7+ Rxg7 35. Bd3 Rh3 36. Re3 Rh4 37. b3 Rd4 38. g3 e4 39. Bxe4 Nxe4 40. Rae2
f5 41. f3 Rd1+ 42. Kg2 Kd7 43. fxe4 f4 44. Rf3 fxg3 45. Rxg3 Rxg3+ 46. Kxg3
Rd3+ 47. Kf4 Rxb3 48. e5 Rd3 49. e6+ Ke7 50. Ke5 Rd1 51. h4 Rd4 52. h5 Rh4 53.
d6+ Ke8 54. d7+ Ke7 55. Rf2 Rxh5+ 56. Rf5 Rh1 57. Rf7+ Kd8 58. Rf8+ 1-0